Statistics for South America True or False

Click here to take the quiz!

General Stats

  • This quiz has been taken 46 times
  • The average score is 10 of 15

Answer Stats

QuestionAnswer% Correct
Each country has purple on it's flag.False
100%
South America has the Largest Country in the world.False
94%
A pope was born in South America.True
91%
South America has the least people of any continent.False
89%
There still is European land on South America.True
89%
Every Country in South America was colonized by Spain.False
86%
South America is mostly Protestant.False
80%
South America has the longest river in the world.False
69%
South America has the widest river in the world.True
60%
All of South America is east of Los Angeles.True
57%
Every Country in South America does have a dispute.False
49%
Every Country in South America is a Republic.True
46%
South America has a majority Hindu country.True
43%
No countries in South America speak French.True
43%
South America has the country with the highest death rate.True
29%

Score Distribution

Percentile by Number Answered

Percent of People with Each Score

Your Score History

You have not taken this quiz